000 01156cab a2200301 4500
001 ABS53990
008 090401t1995 xxu||||| |||| 00| 0 eng d
035 _a(Sirsi) u7788
041 _aeng
100 _aAtkinson, J.
245 _aSocially and financially desirable
260 _c1995
350 _a0
490 _aContract Journal
_v380(6049) 2 November 1995, 32-35(4)
520 _aSo far the social housing market has survived the recession. This article considers possible threats to market including housing association rent controls, cuts in housing benefit, continued cuts in housing association development grants. It suggests a strategy of successful tendering for regeneration projects, and a table of construction companies involved in social housing.
650 _aCONSTRUCTION COMPANIES
650 _aHOUSE BUILDERS
650 _aHOUSING ASSOCIATIONS
650 _aLEAGUE TABLE
650 _aRANKINGS
650 _aREGENERATION
650 _aRENT CONTROL
650 _aSOCIAL HOUSING
650 _aTENDERING
690 _aPROPERTY-RESIDENTIAL PROPERTY-RESIDENTIAL PROPERTY MARKET
942 _n0
948 _c04/03/1997
999 _c4737
_d4737